Market view UK spring 2012 (Record no. 113789)

MARC details
000 -LEADER
fixed length control field 01154cad a22002175a 4500
001 - CONTROL NUMBER
control field L155744
008 - FIXED-LENGTH DATA ELEMENTS--GENERAL INFORMATION
fixed length control field 120413s2012 xxk 000 0 eng d
035 ## - SYSTEM CONTROL NUMBER
System control number (Sirsi) u155744
041 0# - LANGUAGE CODE
Language code of text/sound track or separate title eng
110 2# - MAIN ENTRY--CORPORATE NAME
Corporate name or jurisdiction name as entry element EC Harris
9 (RLIN) 4930
245 00 - TITLE STATEMENT
Title Market view UK spring 2012
Remainder of title global economy worries affect investor confidence and push back recovery in tender prices
Medium [electronic resource]
260 ## - PUBLICATION, DISTRIBUTION, ETC.
Place of publication, distribution, etc. London
Name of publisher, distributor, etc. EC Harris
Date of publication, distribution, etc. 2012
490 #0 - SERIES STATEMENT
Series statement EC Harris Research Market View UK
Volume/sequential designation Spring 2012
520 ## - SUMMARY, ETC.
Summary, etc. After some optimism early in 2011, the latest Experian state of trade survey shows that confidence across the industry has fallen in recent months and as a result, the recovery in tender price is now not expected until the 1st quarter of 2013 for London and 3rd/4th quarter of 2013 across much of the rest of the UK. Infrastructure, insolvencies and how to avoid them.
590 ## - LOCAL NOTE (RLIN)
Local note KA NTK
651 #4 - SUBJECT ADDED ENTRY--GEOGRAPHIC NAME
Geographic name United Kingdom
Chronological subdivision
690 ## - LOCAL SUBJECT ADDED ENTRY--TOPICAL TERM (OCLC, RLIN)
Topical term or geographic name as entry element Construction management
9 (RLIN) 6230
690 ## - LOCAL SUBJECT ADDED ENTRY--TOPICAL TERM (OCLC, RLIN)
Topical term or geographic name as entry element Cost management
9 (RLIN) 6233
856 40 - ELECTRONIC LOCATION AND ACCESS
Uniform Resource Identifier <a href="https://www.echarris.com/PDF/8110_Market%20View_Spring%202012%20V3.pdf">https://www.echarris.com/PDF/8110_Market%20View_Spring%202012%20V3.pdf</a>
Public note View the item free of charge at www.echarris.com
942 ## - ADDED ENTRY ELEMENTS (KOHA)
Suppress in OPAC 0
Holdings
Withdrawn status Lost status Source of classification or shelving scheme Damaged status Not for loan Home library Current library Shelving location Date acquired Total Checkouts Full call number Barcode Date last seen Copy number Price effective from Koha item type
    Dewey Decimal Classification     Virtual Virtual Online 13/04/2012   ONLINE PUBLICATION 155744-2001 06/08/2019 1 06/08/2019 Book